| 000 | 00834nam a2200241 a 4500 | ||
|---|---|---|---|
| 005 | 20241012063927.0 | ||
| 008 | 040123s2003 mx r 000 0 spa d | ||
| 020 | _a8483166135 | ||
| 035 | _aUPN01000131489 | ||
| 049 | _aCG | ||
| 050 | 4 |
_aLB1537 _bN5.2 |
|
| 100 | 1 | _aNieto Bedoya, Margarita | |
| 245 | 1 | 0 |
_aActividades para educación primaria : _bcontenidos, valores y habilidades sociales para educación formal y no formal / _cMargarita Nieto Bedoya, María Tejedor Mardomingo. |
| 260 |
_aMadrid : _bCCS, _c2003. |
||
| 300 | _a216 p. | ||
| 440 | 0 |
_aMateriales para educadores ; _v68 |
|
| 650 | 4 |
_aEDUCACION PRIMARIA - _xPROGRAMAS DE ACTIVIDADES _9630 |
|
| 650 | 4 |
_aEducación no formal _99143 |
|
| 650 | 4 |
_aJuegos educativos _93952 |
|
| 700 | 1 |
_aTejedor Mardomingo, María, _ecoaut. |
|
| 905 | _aLibro | ||
| 999 |
_c103644 _d103644 |
||